[Event "Hastings Masters op 82nd"]
[Site "Hastings"]
[Date "2006.12.30"]
[Round "3"]
[White "Mansson, James C"]
[Black "Barron, David"]
[Result "1-0"]
[WhiteElo "2120"]
[BlackElo "1966"]
[PlyCount "39"]
[EventDate "2006.12.28"]
[EventType "swiss"]
[EventRounds "9"]
[EventCountry "ENG"]
[SourceTitle "CBM 116 Extra"]
[Source "ChessBase"]
[SourceDate "2007.03.07"]
[SourceVersion "1"]
[SourceVersionDate "2007.03.07"]
[SourceQuality "1"]

1. e4 c5 2. Nf3 Nc6 3. d4 cxd4 4. Nxd4 e5 5. Nb5 d6 6. N1c3 a6 7. Na3 b5 8. Nd5 Nge7 9. c4 Nd4 10. cxb5 Nxd5 11. exd5 Bd7 12. Bd3 Be7 13. 0-0 f5 14. f4 Qb6 15. Be3 e4 16. Bxe4 Ne2+ 17. Qxe2 Qd8 18. Bd4 fxe4 19. Bxg7 Rg8 20. Qh5# 1-0

[Event "Ron Banwell Memorial"]
[Site "Coulsdon"]
[Date "2002.08.20"]
[Round "4"]
[White "Barron, David"]
[Black "Young, Melvyn Jack"]
[Result "1-0"]
[WhiteElo "2074"]
[BlackElo "2001"]
[PlyCount "71"]
[EventDate "2002.08.17"]
[EventType "swiss"]
[EventRounds "10"]
[EventCountry "ENG"]
[SourceTitle "CBM 089 Extra"]
[Source "ChessBase"]
[SourceDate "2002.09.10"]
[SourceVersion "2"]
[SourceVersionDate "2002.09.10"]
[SourceQuality "1"]

1. d4 f5 2. e4 fxe4 3. Nc3 Nf6 4. Bg5 Nc6 5. d5 Ne5 6. Qd4 Nf7 7. Nh3 c6 8. Bc4 Qb6 9. Bxf6 gxf6 10. Qxb6 axb6 11. Nxe4 Ne5 12. Bb3 Bh6 13. d6 f5 14. Ng3 e6 15. 0-0 Nf7 16. Rad1 0-0 17. Rfe1 Nd8 18. f4 b5 19. Re5 Kh8 20. Nh5 b6 21. Ng5 Bxg5 22. fxg5 Nf7 23. Re3 Nxg5 24. Nf4 c5 25. c4 b4 26. Rg3 Ne4 27. Rh3 Rg8 28. Bc2 Bb7 29. a3 bxa3 30. bxa3 Rg4 31. g3 Rxa3 32. Nxe6 Nc3 33. Bxf5 Nxd1 34. Rxh7+ Kg8 35. Rxd7 Bc6 36. Rd8+ 1-0

[Event "London MSO Banwell Memorial"]
[Site "London"]
[Date "2001.08.23"]
[Round "6"]
[White "Barron, David"]
[Black "Eames, Robert"]
[Result "0-1"]
[WhiteElo "2068"]
[BlackElo "2333"]
[PlyCount "56"]
[EventDate "2001.08.18"]
[EventType "swiss"]
[EventRounds "10"]
[EventCountry "ENG"]
[SourceTitle "EXT 2002"]
[Source "ChessBase"]
[SourceDate "2001.11.25"]
[SourceVersion "1"]
[SourceVersionDate "2001.11.25"]
[SourceQuality "1"]

1. d4 Nf6 2. g4 Nxg4 3. e4 d6 4. Be2 Nf6 5. Nc3 c6 6. f4 Qa5 7. Bd2 Qb6 8. Nf3 Bg4 9. e5 dxe5 10. fxe5 Nd5 11. Na4 Qd8 12. Ng5 Bf5 13. e6 fxe6 14. Nc5 Nc7 15. Bf4 Nba6 16. Nxb7 Qd5 17. 0-0 h6 18. c4 Qd7 19. Be5 Rg8 20. Rxf5 exf5 21. Bh5+ g6 22. Bxg6+ Rxg6 23. Qh5 Qe6 24. Re1 Kd7 25. d5 cxd5 26. Qd1 Rxg5+ 27. Kh1 Qb6 28. Qa4+ Qc6 0-1

[Event "London MSO Banwell Memorial"]
[Site "London"]
[Date "2001.08.20"]
[Round "3"]
[White "Barron, David"]
[Black "Mishra, Neeraj Kumar"]
[Result "0-1"]
[WhiteElo "2068"]
[BlackElo "2293"]
[PlyCount "50"]
[EventDate "2001.08.18"]
[EventType "swiss"]
[EventRounds "10"]
[EventCountry "ENG"]
[SourceTitle "EXT 2002"]
[Source "ChessBase"]
[SourceDate "2001.11.25"]
[SourceVersion "1"]
[SourceVersionDate "2001.11.25"]
[SourceQuality "1"]

1. d4 Nf6 2. g4 Nxg4 3. e4 d6 4. Be2 Nf6 5. Nc3 Nbd7 6. f4 c6 7. e5 Nd5 8. Ne4 e6 9. Nf3 dxe5 10. fxe5 b5 11. Bg5 f6 12. exf6 gxf6 13. Ne5 Nxe5 14. dxe5 fxg5 15. Bh5+ Kd7 16. Rf1 Kc7 17. Qd2 Bb4 18. Rf7+ Kb8 19. c3 Be7 20. 0-0-0 Rf8 21. Rdf1 Rxf7 22. Rxf7 a5 23. Rxh7 Ra7 24. Nd6 Bxd6 25. Rxa7 Bc5 0-1